000 00400nam a2200169Ia 4500
008 210210b1942 xxu||||| |||| 00| 0 eng d
041 _aeng
082 _a887/47
100 _aSASTRI (Mukherji N)
245 _aStudy of sankara
260 _aCalcutta
_bUniversity of Calcutta
_c1942
650 _aStudy
650 _asankara
650 _aof
690 _aSanskrit Literature
906 _a024645
999 _c150268
_d150268